Hardest European Languages to Learn (with map) - Statistics

General Stats
  • This quiz has been taken 2,792 times
  • The average score is 19 of 21
Answers on the Map
Answers color-coded by a green-red scale on the quiz's map according to % correct below.
 
Answer Stats
Language % Correct
Russian
98%
Greek
95%
Polish
95%
Ukrainian
95%
Estonian
94%
Finnish
94%
Hungarian
94%
Latvian
94%
Turkish
94%
Albanian
93%
Bulgarian
93%
Lithuanian
93%
Serbo-Croatian
93%
Belarusian
92%
Czech
92%
Slovak
92%
Slovene
89%
Macedonian
88%
Icelandic
87%
Maltese
81%
Basque
71%
No matching quizzes found
Score Distribution
Percent of People with Each Score
Percentile by Number Answered
Your Score History
You have not taken this quiz